| 000 | 00346nam a2200145Ia 4500 | ||
|---|---|---|---|
| 008 | 150201s2009 xx 000 0 und d | ||
| 082 |
_a150 _bP09H |
||
| 100 | _aHOEKSEMA , NOLEN | ||
| 245 | _aPSYCOLOGY AN INTRODUCTION | ||
| 250 | _a1ST | ||
| 260 |
_bCENGAGE LEARNING _aDELHI _c2009 |
||
| 300 | _a1-946 | ||
| 650 | _aPSYCHOLOGY | ||
| 942 |
_2ddc _cBK |
||
| 999 |
_c1448 _d1448 |
||